000 00293nam a2200133 i 4500
001 bg
245 0 _aChambers`s Encyclopedia.Vol.5: Edward-Franks.
260 _aLondon,
_c1950.
040 _cBPK
041 _apol
080 _a0/9
942 _cKS
008 s pl f |000 0 pol
999 _c7902
_d7902
856 _uhttp://koha.tu.koszalin.pl/cgi-bin/koha/opac-detail.pl?biblionumber=7902
_yKatalog online BPK